000
00309 a2200109 4500
001
ART_49980
005
20260410161729.0
008
260409a
245
1
0
_a
Igualdad de trato entre particulares
100
1
_a
Saba, Roberto
773
0
_t
Lecciones y ensayos
_g
- NÂș 89 (ene. 2011)
_w
REV2658
999
_c
17720
_d
17720